Number of Borders by Continent Quiz Stats

 Plays Quiz not verified by Sporcle

Score 0/43 Timer 07:00
0 Plays Today
Number of borders Countries % Correct
0 BordersSeychelles...
98.3%
0 BordersSingapore...
98.2%
0 BordersAustralia...
97.7%
0 BordersCuba...
97.4%
0 BordersIceland, Malta, Cyprus
97.1%
1 BorderCanada...
96.2%
1 BorderIreland...
95.9%
2 BordersPanama...
92.4%
1 BorderBrunei...
91.9%
1 BorderLesotho, The Gambia
89.3%
2 BordersSweden...
89.3%
2 BordersEcuador, Uruguay
87%
1 BorderPapua New Guinea
85.9%
2 BordersYemen...
85.7%
2 BordersSierra Leone...
85%
3 BordersVenezuela...
84%
3 BordersMexico, Honduras
83.5%
3 BordersGhana...
82.4%
3 BordersNorth Korea...
80.9%
4 BordersGreece...
77.3%
3 BordersNorway...
77.1%
14 BordersRussia, China
75.8%
Number of borders Countries % Correct
4 BordersNamibia...
72.6%
4 BordersPakistan...
70.3%
5 BordersArgentina...
70.1%
14 BordersRussia
69.3%
4 BordersGuatemala
68.1%
10 BordersBrazil
66.9%
6 BordersAlgeria...
65.1%
6 BordersAfghanistan, India, Iraq
62.8%
5 BordersSenegal...
62.7%
5 BordersSwitzerland...
62.3%
9 BordersGermany
58.4%
5 BordersMyanmar...
58.4%
9 BordersDemocratic Republic of the Congo
56.1%
10 BordersFrance
53%
7 BordersUkraine, Hungary, Poland
52.8%
6 BordersItaly
49.3%
7 BordersIran, Saudi Arabia
47.7%
7 BordersMali, Niger, Sudan
46.7%
8 BordersAustria, Serbia, Turkey
44.6%
8 BordersZambia, Tanzania
34.8%
8 BordersTurkey
17.1%

You're not logged in!

Compare scores with friends on all Sporcle quizzes.
OR
Log In

Show Comments

Extras

Top Quizzes Today


Score Distribution

Your Account Isn't Verified!

In order to create a playlist on Sporcle, you need to verify the email address you used during registration. Go to your Sporcle Settings to finish the process.

Report this User

Report this user for behavior that violates our Community Guidelines.

Details: